000 00481nam a2200181Ia 4500
005 20250326123944.0
008 250326s9999 xx 000 0 und d
037 _aTextbook
040 _aFMSL
_beng
_cFMSL
041 _aeng
_2eng
084 _aV:19 L1
_qFMSL
100 _aFisher R
_9341508
245 0 _aBasic negotiating strategy
_cFisher R
260 _aLondon
_bLondon, Allen Lane
_c1971
300 _a194p
942 _cTB
_hV:19 L1
999 _c1271638
_d1271638